ARRUPE JESUIT UNIVERSITY

CORONAVIRUS -STOP THE SPREAD - CLEAN,DISINFECT,COVER

Philosophical aspects of modern science. (Record no. 123264)

MARC details
000 -LEADER
fixed length control field 00772cam a2200265 4500
001 - CONTROL NUMBER
control field 1562288
003 - CONTROL NUMBER IDENTIFIER
control field ARRUPE
005 - DATE AND TIME OF LATEST TRANSACTION
control field 20150907144940.0
008 - FIXED-LENGTH DATA ELEMENTS--GENERAL INFORMATION
fixed length control field 750619s1964 enk b 001 0 eng
010 ## - LIBRARY OF CONGRESS CONTROL NUMBER
LC control number 64009220
035 ## - SYSTEM CONTROL NUMBER
System control number (OCoLC)ocm01401232
040 ## - CATALOGING SOURCE
Original cataloging agency DLC
Transcribing agency MUB
Modifying agency SER
-- OCL
-- ZCU
050 1# - LIBRARY OF CONGRESS CALL NUMBER
Classification number Q175
082 ## - DEWEY DECIMAL CLASSIFICATION NUMBER
Classification number 501
300 ## - PHYSICAL DESCRIPTION
Dimensions 19 cm.
100 1# - MAIN ENTRY--PERSONAL NAME
Personal name Joad, C. E. M.
Fuller form of name (Cyril Edwin Mitchinson),
Dates associated with a name 1891-1953.
9 (RLIN) 18642
245 10 - TITLE STATEMENT
Title Philosophical aspects of modern science.
Statement of responsibility, etc Cyril Edwin Mitchinson Joad
260 ## - PUBLICATION, DISTRIBUTION, ETC. (IMPRINT)
Place of publication, distribution, etc London,
Name of publisher, distributor, etc G. Allen & Unwin;
Date of publication, distribution, etc 1963
300 ## - PHYSICAL DESCRIPTION
Extent 272 p.
500 ## - GENERAL NOTE
General note "U518."
504 ## - BIBLIOGRAPHY, ETC. NOTE
Bibliography, etc Bibliographical footnotes.
650 #0 - SUBJECT ADDED ENTRY--TOPICAL TERM
Topical term or geographic name as entry element Science
General subdivision Philosophy.
9 (RLIN) 19399
650 #0 - SUBJECT ADDED ENTRY--TOPICAL TERM
Topical term or geographic name as entry element Philosophy, Modern.
9 (RLIN) 19400
942 ## - ADDED ENTRY ELEMENTS (KOHA)
Source of classification or shelving scheme Library of Congress Classification
Koha item type Monograph ( Printed materials)
Holdings
Withdrawn status Lost status Source of classification or shelving scheme Damaged status Not for loan Collection code Home library Current library Shelving location Date acquired Total Checkouts Full call number Barcode Date last seen Price effective from Koha item type
    Library of Congress Classification     Main Collection ARRUPE LIBRARY ARRUPE LIBRARY Main Collection 07/09/2015   Q175.J6 46500003999 03/07/2019 07/09/2015 Monograph ( Printed materials)

 

Arrupe Library. PO Box MP320 Mt Pleasant, Harare, Zimbabwe
263 242 745411|librarian@aju.ac.zw